| 000 | 01423nam a22001577a 4500 | ||
|---|---|---|---|
| 082 | _a621 | ||
| 100 |
_aAttiq ur Rehman, Muhammad _9122760 |
||
| 245 |
_aAnalysis of Flapping Wings Micro Air Vehicle / _cMuhammad Attiq ur Rehman |
||
| 264 |
_aIslamabad : _bSMME- NUST; _c2022. |
||
| 300 |
_a68p. _bSoft Copy _c30cm |
||
| 500 | _aFlapping Wings Micro Air Vehicles (MAVs) are incredible flyers. It is evident from the literature that flapping wings micro air vehicles have higher lift to drag ratio and higher power to weight ratio. Current study aims to dug in the effects of flapping frequency, flapping angle, and velocity and in phase verses out of phase motion of Fore and Hindwings on the basic aerodynamic coefficients. Numerical Simulations in ANSYS Fluent have been performed on the approximate 3D CAD Model of Dragonfly made in SolidWorks. The results show that L/D ratio is maximum for the cases with Low Velocities, Higher Flapping Frequencies and Higher Flapping Angles. L/D Ratio for In phase motion of wings at low velocity is higher and higher for Out of phase motion at high velocity provided same Flapping Frequency, and Flapping Angle. L/D ratio is higher for 25° Flapping Angle/Angle of Attack for most cases. | ||
| 650 |
_aMS Mechanical Engineering _9119495 |
||
| 700 |
_aSupervisor : Dr. Emad Uddin _9119529 |
||
| 856 | _uhttp://10.250.8.41:8080/xmlui/handle/123456789/29399 | ||
| 942 |
_2ddc _cTHE |
||
| 999 |
_c609206 _d609206 |
||